000 00797cad a22001935a 4500
001 E154375
008 111122s2011 xxk f 000 0 eng d
035 _a(Sirsi) u154375
041 0 _aeng
110 2 _aJones Lang LaSalle
_93755
245 0 0 _aEuropean retail profile 2011
_bEdinburgh
_h[electronic resource]
260 _a[London]
_bJLL
_c2011
520 _aLooks at the retail property market in Edinburgh, providing prime rental information for Princes Street and discussing the main shopping areas and key occupiers.
590 _aKA
651 4 _aEdinburgh
690 _aPROPERTY-COMMERCIAL PROPERTY-COMMERCIAL PROPERTY MARKET
856 4 0 _uhttps://www.joneslanglasalle.co.uk/ResearchLevel1/Edinburgh2011.pdf
_zView the report free of charge at www.joneslanglasalle.co.uk
942 _n0
999 _c112957
_d112957